Janapa vijnaane (Record no. 1043966)

MARC details
000 -LEADER
fixed length control field 00572nam a2200241Ia 4500
003 - CONTROL NUMBER IDENTIFIER
control field OSt
005 - DATE AND TIME OF LATEST TRANSACTION
control field 20221005122332.0
008 - FIXED-LENGTH DATA ELEMENTS--GENERAL INFORMATION
fixed length control field 221004b |||||||| |||| 00| 0 tel d
037 ## - SOURCE OF ACQUISITION
Terms of availability Textual
040 ## - CATALOGING SOURCE
Original cataloging agency CRL
Transcribing agency CRL
Language of cataloging tel
041 ## - LANGUAGE CODE
Source of code tel
Language code of text/sound track or separate title tel
100 ## - MAIN ENTRY--PERSONAL NAME
Personal name Lakshmi
9 (RLIN) 71092
245 #0 - TITLE STATEMENT
Title Janapa vijnaane
260 ## - PUBLICATION, DISTRIBUTION, ETC.
Date of publication, distribution, etc. 1990
300 ## - PHYSICAL DESCRIPTION
Extent 183p.
Dimensions cm.
650 ## - SUBJECT ADDED ENTRY--TOPICAL TERM
Topical term or geographic name entry element CULTURE
942 ## - ADDED ENTRY ELEMENTS (KOHA)
Classification part Y1:351:g, 35N0
Koha item type Textual
Source of classification or shelving scheme
Holdings
Withdrawn status Lost status Damaged status Not for loan Home library Current library Date acquired Total Checkouts Full call number Barcode Date last seen Price effective from Koha item type
        Central Library Central Library 2022-10-05   Y1:351:g 35N0 AL1054570 2022-10-05 2022-10-05 Textual
Copyright @ Delhi University Library System